000 01235nam0a22003011 4500
001 v19\rc\1515575
005 20060620123751.2
035 _a(NLR Aleph) 004639265
090 _a3272176
_c3272176
100 _a20060620d1885 u y0rusy50 ca
101 0 _arus
102 _aRU
105 _aa z |||||
200 1 _aПриготовление крупнозернистого пороха на русских пороховых заводах
_fСост. Григорий Забудский, штатный воен. препод. Михайловск. арт. акад. и училища
210 _aСанкт-Петербург
_cтип. А.С. Суворина
_d1885
215 _aVIII, 125 с., 7 л. черт.
_d25
300 _aИзд. не продается
316 _aЭкз. РНБ (52/469): с автогр. авт.
_5NLR: 52/469
700 1 _4220
_7ca
_8rus
_aЗабудский
_bГ. А.
_f1854-1930
_gГригорий Александрович
_92696335
_3RU\NLR\AUTH\770289741
801 0 _aRU
_bNLR
_gpsbo
801 0 _aRU
_bRuMoRGB
_2psbo
801 1 _aRU
_bProSoft-M
_2rusmarc
852 _aNLR
_j18.213.5.6
852 _aNLR
_j52/469
899 _aRuMoRGB
_jЛОП
899 _aБАН
942 _cUNSPEC
980 _aNB